| 000 | 00918nac a22002771i 4500 | ||
|---|---|---|---|
| 003 | EG-ScBUE | ||
| 005 | 20240923090509.0 | ||
| 008 | 101010t2001 enkab f 000 0 eng d | ||
| 020 | _a0540080039 | ||
| 020 | _a9780540080038 | ||
| 040 |
_aEG-ScBUE _beng _erda _cEG-ScBUE _dEG-ScBUE |
||
| 082 | 0 | 4 |
_a508.03 _bPHI _222 |
| 245 | 0 | 0 | _aPhilip's nature encyclopedia. |
| 264 | 1 |
_aLondon : _bGeorge Philip, _c[2001] |
|
| 264 | 4 | _cc2001 | |
| 300 |
_a472 pages : _bcolor illustrations, color maps ; _c30 cm |
||
| 336 |
_2rdacontent _atext _btxt |
||
| 337 |
_aunmediated _2rdamedia _bn |
||
| 338 |
_avolume _bnc _2rdacarrier |
||
| 500 | _aCovers earth sciences, life sciences, flora and fauna, and biographies--Pref. | ||
| 500 | _a"Nature-related websites": p. 472. | ||
| 650 | 7 |
_aNature _vEncyclopedias. _2BUEsh _920237 |
|
| 650 | 7 |
_aNatural history _vEncyclopedias. _2BUEsh _920238 |
|
| 655 | _vReading book | ||
| 942 |
_cBB _2ddc |
||
| 999 |
_c7200 _d7200 |
||